<?xml version="1.0" encoding="UTF-8"?>
<record
    xmlns:xsi="http://www.w3.org/2001/XMLSchema-instance"
    xsi:schemaLocation="http://www.loc.gov/MARC21/slim http://www.loc.gov/standards/marcxml/schema/MARC21slim.xsd"
    xmlns="http://www.loc.gov/MARC21/slim">

  <leader>04052nam a2200397 a 4500</leader>
  <controlfield tag="001">000021118</controlfield>
  <controlfield tag="005">20200930011235.0</controlfield>
  <controlfield tag="008">150130s2009    dr abc        000 0 spa d</controlfield>
  <datafield tag="020" ind1=" " ind2=" ">
    <subfield code="z">9789803663755 (v. 2)</subfield>
  </datafield>
  <datafield tag="020" ind1=" " ind2=" ">
    <subfield code="a">9789803663763 (v. 3)</subfield>
  </datafield>
  <datafield tag="020" ind1=" " ind2=" ">
    <subfield code="a">9803663771 (v. 4)</subfield>
  </datafield>
  <datafield tag="020" ind1=" " ind2=" ">
    <subfield code="a">9803664093 (v. 5)</subfield>
  </datafield>
  <datafield tag="020" ind1=" " ind2=" ">
    <subfield code="a">9803664107 (v. 6)</subfield>
  </datafield>
  <datafield tag="020" ind1=" " ind2=" ">
    <subfield code="a">9945400061 (v. 7)</subfield>
  </datafield>
  <datafield tag="020" ind1=" " ind2=" ">
    <subfield code="a">9945400096 (v. 8)</subfield>
  </datafield>
  <datafield tag="040" ind1=" " ind2=" ">
    <subfield code="a">DO-SdBNP</subfield>
    <subfield code="b">spa</subfield>
    <subfield code="c">BNPHU</subfield>
  </datafield>
  <datafield tag="082" ind1=" " ind2=" ">
    <subfield code="a">xxxx</subfield>
    <subfield code="b">xxxx</subfield>
  </datafield>
  <datafield tag="100" ind1="1" ind2=" ">
    <subfield code="a">Hern&#xE1;ndez Polanco, Juan Ricardo</subfield>
    <subfield code="9">44155</subfield>
  </datafield>
  <datafield tag="245" ind1="1" ind2="0">
    <subfield code="a">Ciencias sociales / :</subfield>
    <subfield code="b">educaci&#xF3;n b&#xE1;sica /</subfield>
    <subfield code="c">Banahi Severino, Juan Ricardo Hern&#xE1;ndez Polanco, Alejandro Hern&#xE1;ndez Grull&#xF3;n; ilustraciones Richard F&#xE9;liz, Ram&#xF3;n Sandoval.</subfield>
  </datafield>
  <datafield tag="260" ind1=" " ind2=" ">
    <subfield code="a">Santo Domingo :</subfield>
    <subfield code="b">Actualidad Escolar 2000,</subfield>
    <subfield code="c">2009.</subfield>
  </datafield>
  <datafield tag="300" ind1=" " ind2=" ">
    <subfield code="a">8 v. :</subfield>
    <subfield code="b">il., map. retrs. ;</subfield>
    <subfield code="c">28 cm.</subfield>
  </datafield>
  <datafield tag="500" ind1=" " ind2=" ">
    <subfield code="a">Este libro ha sido realizado de acuerdo al curriculum vigente y aprobado como libro de texto por la SEE, bajo el no. 6096 de fecha 4 de julio 2006, revisado y actualizado al 2009</subfield>
  </datafield>
  <datafield tag="500" ind1=" " ind2=" ">
    <subfield code="a">el v. 1 dice "Libro del maestro, edici&#xF3;n sin valor comercial"</subfield>
  </datafield>
  <datafield tag="505" ind1="1" ind2=" ">
    <subfield code="a">v.1 :</subfield>
    <subfield code="t">Estimular la formaci&#xF3;n de sujetos que construyan sus conocimientos y saberes, a trav&#xE9;s de una actitud de investigaci&#xF3;n permanente --</subfield>
    <subfield code="t">Contribuir a la formaci&#xF3;n de sujetos capaces de expresarse en forma diferente --</subfield>
    <subfield code="t">Estimular la formaci&#xF3;n de sujetos democr&#xE1;ticos --</subfield>
    <subfield code="t">Contribuir a la formaci&#xF3;n de sujetos con capacidades y potencialidades para el trabajo --</subfield>
    <subfield code="t">Estimular la formaci&#xF3;n de sujetos con identidad personal, social y cultural --</subfield>
  </datafield>
  <datafield tag="505" ind1="1" ind2=" ">
    <subfield code="a">v. 2 :</subfield>
    <subfield code="g">unidad 1 --</subfield>
    <subfield code="t">Yo vivo en mi comunidad --</subfield>
    <subfield code="g">unidad 2 --</subfield>
    <subfield code="t">&#xBF;Como se organiza mi comunidad? --</subfield>
    <subfield code="g">unidad 3 --</subfield>
    <subfield code="t">Rep&#xFA;blica Dominicana es mi pa&#xED;s --</subfield>
    <subfield code="r">Banahi Severino --</subfield>
  </datafield>
  <datafield tag="505" ind1="1" ind2=" ">
    <subfield code="a">v. 3 :</subfield>
    <subfield code="g">unidad 1 --</subfield>
    <subfield code="t">Familia y comunidad --</subfield>
    <subfield code="g">unidad 2 --</subfield>
    <subfield code="t">Cultura y autoridad en los municipios dominicanos --</subfield>
    <subfield code="g">unidad 3 --</subfield>
    <subfield code="t">Rep&#xFA;blica Dominicana, primeros pobladores /</subfield>
    <subfield code="r">Banahi Severino --</subfield>
  </datafield>
  <datafield tag="505" ind1="1" ind2=" ">
    <subfield code="a">v. 4 :</subfield>
    <subfield code="g">unidad 1 --</subfield>
    <subfield code="t">Provincias y regiones dominicanas --</subfield>
    <subfield code="g">unidad 2 --</subfield>
    <subfield code="t">Relieve, hidrograf&#xED;a y clima de las regiones de la Rep&#xFA;blica Dominicana --</subfield>
    <subfield code="g">unidad 3 --</subfield>
    <subfield code="t">Primeros pobladores y llegada de los espa&#xF1;oles --</subfield>
    <subfield code="g">unidad 4 --</subfield>
    <subfield code="t">Esclavitud nativa y resistencia --</subfield>
    <subfield code="g">unidad 5 --</subfield>
    <subfield code="t">Formaci&#xF3;n del pueblo dominicano: independencia, anexi&#xF3;n y restauraci&#xF3;n /</subfield>
    <subfield code="r">Alejandro Hern&#xE1;ndez Grullon --</subfield>
    <subfield code="r">Juan Ricardo Hern&#xE1;ndez --</subfield>
  </datafield>
  <datafield tag="505" ind1="1" ind2=" ">
    <subfield code="a">v. 5 :</subfield>
    <subfield code="g">unidad 1 --</subfield>
    <subfield code="t">La isla de Santo Domingo y la regi&#xF3;n del Caribe --</subfield>
    <subfield code="g">unidad 2 --</subfield>
    <subfield code="t">Los continentes Am&#xE9;rica, Europa, &#xC1;frica, Asia, Ocean&#xED;a y Ant&#xE1;rtida --</subfield>
    <subfield code="g">unidd 3 --</subfield>
    <subfield code="t">&#xC1;frica y Am&#xE9;rica conquistadas por Europa --</subfield>
    <subfield code="g">unidad 4 --</subfield>
    <subfield code="t">La civilizaciones del continente americano y pobladores de las Antillas --</subfield>
    <subfield code="g">unidad 5 --</subfield>
    <subfield code="t">Las civilizaciones antiguas --</subfield>
    <subfield code="g">unidad 6 --</subfield>
    <subfield code="t">Az&#xFA;car y esclavitud en la regi&#xF3;n caribe&#xF1;a /</subfield>
    <subfield code="r">Juan Ricardo Hern&#xE1;ndez Polanco --</subfield>
  </datafield>
  <datafield tag="505" ind1="1" ind2=" ">
    <subfield code="a">v. 6 :</subfield>
    <subfield code="g">unidad 1 --</subfield>
    <subfield code="t">Colonizaci&#xF3;n de Am&#xE9;rica, &#xC1;frica y Asia --</subfield>
    <subfield code="g">unidad 2 --</subfield>
    <subfield code="t">Colonizaci&#xF3;n de la Hispaniola --</subfield>
    <subfield code="g">unidad 3 --</subfield>
    <subfield code="t">Las revoluciones burguesas --</subfield>
    <subfield code="g">unidad 4 --</subfield>
    <subfield code="t">El movimiento antiesclavista en Am&#xE9;rica --</subfield>
    <subfield code="g">unidad 5 --</subfield>
    <subfield code="t">La independencia de las colonias americanas /</subfield>
    <subfield code="r">Juan Ricardo Hern&#xE1;ndez Polanco --</subfield>
  </datafield>
  <datafield tag="505" ind1="1" ind2=" ">
    <subfield code="a">v. 7 :</subfield>
    <subfield code="g">unidad 1 --</subfield>
    <subfield code="t">Movimiento poblacional y dominio del espacio en la Rep&#xFA;blica Dominicana --</subfield>
    <subfield code="g">unidad 2 --</subfield>
    <subfield code="t">Ocupaci&#xF3;n haitiana (1822-1844) y proceso de independencia de la Rep&#xFA;blica Dominicana --</subfield>
    <subfield code="g">unidad 3 --</subfield>
    <subfield code="t">Presencia de las potencias europeas y los Estados Unidos en las luchas internas post-independentistas /</subfield>
    <subfield code="r">Ricardo Hern&#xE1;ndez Polanco --</subfield>
  </datafield>
  <datafield tag="505" ind1="1" ind2=" ">
    <subfield code="a">v. 8 :</subfield>
    <subfield code="g">unidad 1 --</subfield>
    <subfield code="t">Luchas por el control del espacio entre las potencias mundiales --</subfield>
    <subfield code="g">unidad 2 --</subfield>
    <subfield code="t">Dictaduras y derechos humanos en Rep&#xFA;blica Dominicana y Am&#xE9;rica Latina --</subfield>
    <subfield code="g">unidad 3 --</subfield>
    <subfield code="t">Sistema electoral y cobertura democr&#xE1;tica en la Rep&#xFA;blica Dominicana /</subfield>
    <subfield code="r">Juan Ricardo Hern&#xE1;ndez Polanco --</subfield>
  </datafield>
  <datafield tag="700" ind1="1" ind2=" ">
    <subfield code="a">Severino, Banahi</subfield>
    <subfield code="9">44156</subfield>
  </datafield>
  <datafield tag="700" ind1="1" ind2=" ">
    <subfield code="a">Hern&#xE1;ndez Grull&#xF3;n, Alejandro</subfield>
    <subfield code="9">44157</subfield>
  </datafield>
  <datafield tag="700" ind1="1" ind2=" ">
    <subfield code="a">F&#xE9;liz, Richard</subfield>
    <subfield code="e">il.</subfield>
    <subfield code="9">44158</subfield>
  </datafield>
  <datafield tag="700" ind1="1" ind2=" ">
    <subfield code="a">Sandoval, Ram&#xF3;n</subfield>
    <subfield code="e">il.</subfield>
    <subfield code="9">10955</subfield>
  </datafield>
  <datafield tag="952" ind1=" " ind2=" ">
    <subfield code="0">0</subfield>
    <subfield code="1">0</subfield>
    <subfield code="5">4</subfield>
    <subfield code="7">0</subfield>
    <subfield code="8">PD</subfield>
    <subfield code="a">PD</subfield>
    <subfield code="b">PD</subfield>
    <subfield code="c">HD</subfield>
    <subfield code="d">2011-01-13</subfield>
    <subfield code="i">LF1</subfield>
    <subfield code="l">0</subfield>
    <subfield code="o">xxxx xxxx</subfield>
    <subfield code="p">21118-10</subfield>
    <subfield code="r">2020-06-25</subfield>
    <subfield code="w">2020-06-25</subfield>
    <subfield code="y">LFPD</subfield>
    <subfield code="Z">Pr&#xE9;stamo en sala</subfield>
  </datafield>
  <datafield tag="999" ind1=" " ind2=" ">
    <subfield code="c">20620</subfield>
    <subfield code="d">20620</subfield>
  </datafield>
</record>
